Cài thép vào lá gan Truyện

محفوظ في:
التفاصيل البيبلوغرافية
المؤلف الرئيسي: Hờ, A Di
التنسيق: كتاب
اللغة:Undetermined
منشور في: H. Hội Nhà văn 2019
الموضوعات:
الوصول للمادة أونلاين:http://lrc.tdmu.edu.vn/opac/search/detail.asp?aID=2&ID=40363
الوسوم: إضافة وسم
لا توجد وسوم, كن أول من يضع وسما على هذه التسجيلة!
Thư viện lưu trữ: Trung tâm Học liệu Trường Đại học Thủ Dầu Một
LEADER 00680nam a2200205Ia 4500
001 TDMU_40363
008 210410s9999 xx 000 0 und d
082 |a 657.8 
090 |b H459 
100 |a Hờ, A Di 
245 0 |a Cài thép vào lá gan 
245 0 |b Truyện 
245 0 |c Hờ A Di 
260 |a H. 
260 |b Hội Nhà văn 
260 |c 2019 
300 |a 263 tr. 
650 |a Văn học hiện đại  |x Văn học Việt Nam  |v Truyện ngắn; Truyện ngắn  |x Văn học  |z Việt Nam 
856 |u http://lrc.tdmu.edu.vn/opac/search/detail.asp?aID=2&ID=40363 
980 |a Trung tâm Học liệu Trường Đại học Thủ Dầu Một